Statistics for Countries Closest to Senegal

Click here to take the quiz!

General Stats

  • This quiz has been taken 556 times
  • The average score is 18 of 20

Answer Stats

kmcountrymiles% Correct
0Guinea0
96%
0Mali0
96%
0Mauritania0
96%
1233Morocco766
96%
1257Niger781
96%
0Gambia0
95%
1317Algeria818
94%
0Guinea-Bissau0
94%
1591Nigeria989
94%
442Côte d'Ivoire275
93%
1231Togo765
93%
1340Benin832
92%
938Ghana583
92%
262Sierra Leone163
91%
452Liberia281
90%
658Burkina Faso409
89%
571Cabo Verde355
87%
1231Spain765
74%
1787Portugal1110
70%
479Western Sahara298
58%

Score Distribution

Percentile by Number Answered

Percent of People with Each Score

Your Score History

You have not taken this quiz